000 00281nam a22001217a 4500
008 181015b xxu||||| |||| 00| 0 eng d
041 _aeng
080 _a371
100 _a25
101 _aEDU
245 _aStrong foundations
_cAssociation of American Colleges
942 _2udc
_cBK
999 _c49629
_d49629